00824 2200193 4500245004900000020002200049250001100071100002000082700001900102700002200121650001700143005001900160260004100179041001400220084001100234300002700245500034900272336000900621 aThe Joy of LeadershipcShahar, Tal BenhText a978-623-00-0531-2 aCet. 2 aShahar, Tal Ben aRidgway, Angus aMasadjie Abisuryo aKepemimpinan a20241014091509 aJakartabElex Media Komputindoc2021 aIndonesia a303.34 aix, 314 hlm. :c23 cm. aThe Joy of Leadership menunjukkan esensi perilaku, kebiasaan, dan gaya kognitif dari orang-orang berpengaruh yang paling sukses sekarang ini. Buku ini membawa konsep SHARP (Strenghts, Health, Absorption, Relationship dan Purpose) untuk menjadi seorang Pemimpin 10x dan membimbing Anda dalam menggunakan teknik psikologi positif yang bermanfaat. atext